<?xml version="1.0" encoding="UTF-8"?><?xml-stylesheet type="text/xsl" href="static/style.xsl"?><OAI-PMH xmlns="http://www.openarchives.org/OAI/2.0/" xmlns:xsi="http://www.w3.org/2001/XMLSchema-instance" xsi:schemaLocation="http://www.openarchives.org/OAI/2.0/ http://www.openarchives.org/OAI/2.0/OAI-PMH.xsd"><responseDate>2026-04-19T05:28:32Z</responseDate><request verb="GetRecord" identifier="oai:riubu.ubu.es:10259/10934" metadataPrefix="marc">https://riubu.ubu.es/oai/request</request><GetRecord><record><header><identifier>oai:riubu.ubu.es:10259/10934</identifier><datestamp>2025-10-10T08:25:50Z</datestamp><setSpec>com_10259_4386</setSpec><setSpec>com_10259_5086</setSpec><setSpec>com_10259_2604</setSpec><setSpec>com_10259_5645</setSpec><setSpec>com_10259_6193</setSpec><setSpec>com_10259_4147</setSpec><setSpec>com_10259.4_106</setSpec><setSpec>col_10259_4387</setSpec><setSpec>col_10259_5646</setSpec><setSpec>col_10259_6194</setSpec></header><metadata><record xmlns="http://www.loc.gov/MARC21/slim" xmlns:doc="http://www.lyncode.com/xoai" xmlns:xsi="http://www.w3.org/2001/XMLSchema-instance" xmlns:dcterms="http://purl.org/dc/terms/" xsi:schemaLocation="http://www.loc.gov/MARC21/slim http://www.loc.gov/standards/marcxml/schema/MARC21slim.xsd">
<leader>00925njm 22002777a 4500</leader>
<datafield tag="042" ind1=" " ind2=" ">
<subfield code="a">dc</subfield>
</datafield>
<datafield tag="720" ind1=" " ind2=" ">
<subfield code="a">Aparicio Castillo, Santiago</subfield>
<subfield code="e">author</subfield>
</datafield>
<datafield tag="720" ind1=" " ind2=" ">
<subfield code="a">Arranz Val, Pablo</subfield>
<subfield code="e">author</subfield>
</datafield>
<datafield tag="720" ind1=" " ind2=" ">
<subfield code="a">Alvear González, Arturo</subfield>
<subfield code="e">author</subfield>
</datafield>
<datafield tag="720" ind1=" " ind2=" ">
<subfield code="a">Antón Maraña, Paula</subfield>
<subfield code="e">author</subfield>
</datafield>
<datafield tag="720" ind1=" " ind2=" ">
<subfield code="a">Puche Regaliza, Julio César</subfield>
<subfield code="e">author</subfield>
</datafield>
<datafield tag="260" ind1=" " ind2=" ">
<subfield code="c">2023-06</subfield>
</datafield>
<datafield tag="520" ind1=" " ind2=" ">
<subfield code="a">Este trabajo analiza un inventario de los recursos turísticos de la provincia de Burgos&#xd;
(España) e identifica con dicho inventario los municipios con una mayor atracción&#xd;
turística, identificando también así los puntos diana que facilitan la planificación del&#xd;
proceso de trabajo de campo para obtener la opinión de los turistas. Para proporcionar&#xd;
una aproximación analítica, este estudio adopta una técnica cuantitativa para la&#xd;
construcción de un índice sintético ponderado siguiendo un proceso jerárquico. Losresultados muestran que la provincia de Burgos destaca por su elevado patrimonio&#xd;
natural o paisajístico, con acceso a través de carreteras secundarias y con una&#xd;
elevada oferta de hoteles y casas rurales, así como restaurantes y cafeterías.&#xd;
Ferias declaradas de interés, accesos a través de ferrocarril y oferta de albergues,&#xd;
apartamentos y campings ofrecen unos valores menos destacados. El trabajo&#xd;
propone la realización de alrededor de 383 observaciones en cada uno de los&#xd;
ocho puntos diana identificados. Los resultados obtenidos son los suficientemente&#xd;
claros como para motivar a los tomadores de decisiones a dirigir sus esfuerzos e&#xd;
inversiones en mejorar y ajustar sus estrategias para incrementar la calidad de la&#xd;
oferta y la demanda en el sector turístico.</subfield>
</datafield>
<datafield tag="520" ind1=" " ind2=" ">
<subfield code="a">This work analyzes an inventory of the touristic resources of the province of Burgos&#xd;
(Spain) and identifies with it the municipalities with the greatest touristic attraction, thus&#xd;
identifying the target points that facilitate the planning of the fieldwork process to obtain&#xd;
the opinion of tourists. To provide an analytical approach, this study adopts a quantitative&#xd;
technique by constructing a weighted synthetic index following a hierarchical process.&#xd;
The results show that the province of Burgos stands out for its high natural or landscape&#xd;
heritage, with access through minor roads and with a high offer of hotels and rural&#xd;
houses as well as restaurants and cafeterias. Fairs declared of interest, access by rail&#xd;
and the offer of hostels, apartments and campsites offer fewer outstanding values. The&#xd;
work proposes the realization of around 383 observations in each of the eight target&#xd;
points identified. The results obtained are clear enough to motivate decision-makers&#xd;
to address their efforts and investments in improving and adjusting their strategies to&#xd;
increase the quality of offer and demand in the touristic sector.</subfield>
</datafield>
<datafield tag="024" ind2=" " ind1="8">
<subfield code="a">1886-516X</subfield>
</datafield>
<datafield tag="024" ind2=" " ind1="8">
<subfield code="a">https://hdl.handle.net/10259/10934</subfield>
</datafield>
<datafield tag="024" ind2=" " ind1="8">
<subfield code="a">10.46661/revmetodoscuanteconempresa.7798</subfield>
</datafield>
<datafield ind1=" " ind2=" " tag="653">
<subfield code="a">Índice de Potencialidad Turística</subfield>
</datafield>
<datafield ind1=" " ind2=" " tag="653">
<subfield code="a">Puntos Diana</subfield>
</datafield>
<datafield ind1=" " ind2=" " tag="653">
<subfield code="a">Localizaciones para la Realización de Encuestas</subfield>
</datafield>
<datafield ind1=" " ind2=" " tag="653">
<subfield code="a">Recursos Turísticos</subfield>
</datafield>
<datafield ind1=" " ind2=" " tag="653">
<subfield code="a">Provincia de Burgos</subfield>
</datafield>
<datafield ind1=" " ind2=" " tag="653">
<subfield code="a">Touristic Potentiality Index</subfield>
</datafield>
<datafield ind1=" " ind2=" " tag="653">
<subfield code="a">Target Points</subfield>
</datafield>
<datafield ind1=" " ind2=" " tag="653">
<subfield code="a">Survey Locations</subfield>
</datafield>
<datafield ind1=" " ind2=" " tag="653">
<subfield code="a">Touristic Resources</subfield>
</datafield>
<datafield ind1=" " ind2=" " tag="653">
<subfield code="a">Province of Burgos</subfield>
</datafield>
<datafield tag="245" ind1="0" ind2="0">
<subfield code="a">Target points as survey locations: Touristic Potentiality&#xd;
Index of the Burgos province</subfield>
</datafield>
</record></metadata></record></GetRecord></OAI-PMH>